Catalog

Record Details

Catalog Search



The dark woods : Winchester, Tennessee  Cover Image Book Book

The dark woods : Winchester, Tennessee / Debra Webb.

Webb, Debra,: (author.).

Summary:

"Driven to discover what really happened to her parents twenty-seven years ago, Sasha Lenoir seeks US Marshal Branch Holloway's help. It's a big risk. What if her former lover learns her long-held secret? As their reignited desire draws them back into each other's arms, Sasha knows that Branch deserves to hear the truth. But will telling him about her past cost her a second chance with the man she never forgot?"--from Amazon.com.

Record details

  • ISBN: 9781335604224
  • ISBN: 1335604227
  • Physical Description: 247 pages ; 17 cm.
  • Publisher: Toronto, Ontario : Harlequin Enterprises Limited, [2019]
Subject: Man-woman relationships > Fiction.
United States marshals > Fiction.
Cold cases (Criminal investigation) > Fiction.
Secrecy > Fiction.
Genre: Romance fiction.
Romantic suspense fiction.

Available copies

  • 1 of 1 copy available at scottsboropl.

Holds

  • 0 current holds with 1 total copy.
Show Only Available Copies
Location Call Number / Copy Notes Barcode Shelving Location Status Due Date
scottsboropl F Web 32269001132086 Adult - Fiction Available -

LDR 01737nam a2200373Ii 4500
001152392
003SBPL
00520190827070856.0
008180821t20192019onc e 000 1 eng d
020 . ‡a9781335604224 ‡q(paperback)
020 . ‡a1335604227 ‡q(paperback)
035 . ‡a(CONS)152392
035 . ‡a(CPomAG)LMN613994
05014. ‡aPS3573.E19523 ‡bD375 2019
08204. ‡a813/.6 ‡223
1001 . ‡aWebb, Debra,: ‡eauthor.
24514. ‡aThe dark woods : ‡bWinchester, Tennessee / ‡cDebra Webb.
264 1. ‡aToronto, Ontario : ‡bHarlequin Enterprises Limited, ‡c[2019]
300 . ‡a247 pages ; ‡c17 cm.
336 . ‡atext ‡btxt ‡2rdacontent
337 . ‡aunmediated ‡bn ‡2rdamedia
338 . ‡avolume ‡bnc ‡2rdacarrier
4901 . ‡aWinchester, Tennessee thriller
4901 . ‡aHarlequin intrigue ; ‡v1840
520 . ‡a"Driven to discover what really happened to her parents twenty-seven years ago, Sasha Lenoir seeks US Marshal Branch Holloway's help. It's a big risk. What if her former lover learns her long-held secret? As their reignited desire draws them back into each other's arms, Sasha knows that Branch deserves to hear the truth. But will telling him about her past cost her a second chance with the man she never forgot?"--from Amazon.com.
650 0. ‡aMan-woman relationships ‡vFiction.
650 0. ‡aUnited States marshals ‡vFiction.
650 0. ‡aCold cases (Criminal investigation) ‡vFiction.
650 0. ‡aSecrecy ‡vFiction.
655 7. ‡aRomance fiction. ‡2lcgft
655 7. ‡aRomantic suspense fiction. ‡2lcgft
8001 . ‡aWebb, Debra. ‡tWinchester, Tennessee thriller.
830 0. ‡aHarlequin intrigue ; ‡v1840.
901 . ‡a152392 ‡bUnknown ‡c152392 ‡tbiblio

Additional Resources